Využívanie počítačovej techniky v knižniciach a informačných strediskách zborník zo seminára konaného 21.-23. novembra 1972 v Kamennom mlyne
Saved in:
| Corporate Author: | |
|---|---|
| Format: | Book |
| Language: | Slovak |
| Published: |
Bratislava
ALFA
1972
|
| Subjects: | |
| Tags: |
No Tags, Be the first to tag this record!
|
MARC
| LEADER | 00000nam$a2200000$$$4500 | ||
|---|---|---|---|
| 001 | 0092374 | ||
| 005 | 20240104091754.8 | ||
| 041 | 0 | |a slo | |
| 044 | |a SK | ||
| 245 | 1 | 0 | |a Využívanie počítačovej techniky v knižniciach a informačných strediskách |b zborník zo seminára konaného 21.-23. novembra 1972 v Kamennom mlyne |
| 264 | 1 | |a Bratislava |b ALFA |c 1972 | |
| 300 | |a 289 s. | ||
| 610 | 2 | 0 | |a využitie počítačov |
| 610 | 2 | 0 | |a knižnice |
| 610 | 2 | 0 | |a systémy informačné |
| 610 | 2 | 0 | |a automatizácia |
| 610 | 2 | 0 | |a informácie vedecké |
| 110 | 2 | |a Využívanie počítačovej techniky v knižniciach a informačných strediskách. Seminár | |